00452nam a2200193Ia 4500003000900000008004100009040001300050040001300063041000800076100001600084245005600100250000900156260003300165260000900198300001100207300001000218490002200228490000800250IT-RoPAU120407s9999 xx 000 0 und d aIT-RoPAU cIT-RoPAU aeng aRichard Yeo aStructure (the) and content of monastic profession. aRoma aPontificio Ateneo S. Anselmo c1982 a360 p. c24 cm aStudia Anselmiana v183